<?xml version="1.0" encoding="UTF-8"?>
<record
    xmlns:xsi="http://www.w3.org/2001/XMLSchema-instance"
    xsi:schemaLocation="http://www.loc.gov/MARC21/slim http://www.loc.gov/standards/marcxml/schema/MARC21slim.xsd"
    xmlns="http://www.loc.gov/MARC21/slim">

  <leader>02346nam a2200289 i 4500</leader>
  <controlfield tag="003">DO-SdBNP</controlfield>
  <controlfield tag="005">20260529120319.0</controlfield>
  <controlfield tag="007">ta</controlfield>
  <controlfield tag="008">260528e2025    dr ||||gr|||||||1 1|spa d</controlfield>
  <datafield tag="020" ind1=" " ind2=" ">
    <subfield code="a">9789945518993.</subfield>
  </datafield>
  <datafield tag="040" ind1=" " ind2=" ">
    <subfield code="a">DO-SdBNP</subfield>
    <subfield code="b">spa</subfield>
    <subfield code="c">BNPHU</subfield>
    <subfield code="e">rda</subfield>
  </datafield>
  <datafield tag="041" ind1=" " ind2=" ">
    <subfield code="a">spa</subfield>
  </datafield>
  <datafield tag="082" ind1=" " ind2=" ">
    <subfield code="b">M385r 2025</subfield>
    <subfield code="2">22</subfield>
  </datafield>
  <datafield tag="100" ind1=" " ind2=" ">
    <subfield code="a">Mart&#xED;nez, Escarlin</subfield>
    <subfield code="e">autor</subfield>
    <subfield code="9">89794</subfield>
  </datafield>
  <datafield tag="245" ind1=" " ind2=" ">
    <subfield code="a">Resguardo /</subfield>
    <subfield code="c">Escarlin Mart&#xED;nez.</subfield>
  </datafield>
  <datafield tag="264" ind1=" " ind2=" ">
    <subfield code="a">Santo Domingo, Rep&#xFA;blica Dominicana :</subfield>
    <subfield code="b">Escarlin Mart&#xED;nez,</subfield>
    <subfield code="c">2025.</subfield>
  </datafield>
  <datafield tag="300" ind1=" " ind2=" ">
    <subfield code="a">136 p&#xE1;ginas ;</subfield>
    <subfield code="c">21 cm.</subfield>
  </datafield>
  <datafield tag="336" ind1=" " ind2=" ">
    <subfield code="a">texto</subfield>
    <subfield code="b">txt</subfield>
    <subfield code="2">rdacontent</subfield>
  </datafield>
  <datafield tag="337" ind1=" " ind2=" ">
    <subfield code="a">sin mediaci&#xF3;n </subfield>
    <subfield code="b">n</subfield>
    <subfield code="2">rdamedia</subfield>
  </datafield>
  <datafield tag="338" ind1=" " ind2=" ">
    <subfield code="a">volumen</subfield>
    <subfield code="b">nc</subfield>
    <subfield code="2">rdacarrier</subfield>
  </datafield>
  <datafield tag="500" ind1=" " ind2=" ">
    <subfield code="a">Incluye Biograf&#xED;a del autor en la solapa.</subfield>
  </datafield>
  <datafield tag="520" ind1=" " ind2=" ">
    <subfield code="a">Literatura: ficci&#xF3;n y aventuras. Suspenso.
El bajo retumba en el pecho de Gabriel como un segundo latido, insistente y pesado. Se ajusta el cuello de la chaqueta de cuero, sintiendo el peso del arma oculta presionando contra sus costillas. El club nocturno se arremolina con cuerpos, perfume y desesperaci&#xF3;n, el terreno de caza perfecto tanto para los cazadores como para los cazados. A su lado, Ralph asiente con la cabeza hacia la barra, sus ojos ya escudri&#xF1;ando a la multitud con practicada indiferencia. &#x2014;Dos whiskys &#x2014;le dice Gabriel al camarero, su voz lo suficientemente &#xE1;spera para captar la atenci&#xF3;n del hombre por encima de la m&#xFA;sica. El camarero, joven, con mangas de tatuajes que se arremolinan en ambos brazos, asiente brevemente. Gabriel apoya los codos en el mostrador pegajoso, adoptando la postura de un hombre que no tiene un lugar mejor donde estar. A sus treinta y seis a&#xF1;os, es mayor que la mayor&#xED;a de los clientes, pero su cuerpo, mantenido gracias a la devoci&#xF3;n religiosa al gimnasio, garantiza que no parezca fuera de lugar. Sus ojos se deslizan de un rostro a otro, catalogando detalles con precisi&#xF3;n mec&#xE1;nica. &#x2014;&#xBF;Ves algo? &#x2014;pregunta Ralph, aceptando su bebida con un gesto de la cabeza. Gabriel toma un largo sorbo, agradeciendo el ardor. &#x2014;Todav&#xED;a no. La paciencia nunca fue tu punto fuerte. Ralph resopla. &#x2014;Por eso nos emparejaron. Te est&#xE1;s volviendo viejo y cauteloso; yo mantengo las cosas interesantes.</subfield>
  </datafield>
  <datafield tag="590" ind1=" " ind2=" ">
    <subfield code="a">Inventariado, 2026/WG.</subfield>
  </datafield>
  <datafield tag="650" ind1=" " ind2="0">
    <subfield code="a">Literatura dominicana</subfield>
    <subfield code="9">67</subfield>
  </datafield>
  <datafield tag="650" ind1=" " ind2="0">
    <subfield code="a">Ciencia ficci&#xF3;n </subfield>
    <subfield code="9">39976</subfield>
    <subfield code="z">Rep&#xFA;blica Dominicana</subfield>
  </datafield>
  <datafield tag="942" ind1=" " ind2=" ">
    <subfield code="2">ddc</subfield>
    <subfield code="c">LBS1</subfield>
  </datafield>
  <datafield tag="952" ind1=" " ind2=" ">
    <subfield code="0">0</subfield>
    <subfield code="1">0</subfield>
    <subfield code="2">ddc</subfield>
    <subfield code="5">1</subfield>
    <subfield code="7">0</subfield>
    <subfield code="8">PD</subfield>
    <subfield code="a">BNPHU</subfield>
    <subfield code="b">BNPHU</subfield>
    <subfield code="c">CT</subfield>
    <subfield code="d">2026-05-28</subfield>
    <subfield code="l">0</subfield>
    <subfield code="o">M385r 2025</subfield>
    <subfield code="p">2026-4650</subfield>
    <subfield code="r">2026-05-28</subfield>
    <subfield code="w">2026-05-28</subfield>
    <subfield code="y">LBS1</subfield>
  </datafield>
  <datafield tag="952" ind1=" " ind2=" ">
    <subfield code="0">0</subfield>
    <subfield code="1">0</subfield>
    <subfield code="2">ddc</subfield>
    <subfield code="5">1</subfield>
    <subfield code="7">0</subfield>
    <subfield code="8">PD</subfield>
    <subfield code="a">BNPHU</subfield>
    <subfield code="b">BNPHU</subfield>
    <subfield code="c">CT</subfield>
    <subfield code="d">2026-05-28</subfield>
    <subfield code="l">0</subfield>
    <subfield code="o">M385r 2025</subfield>
    <subfield code="p">2026-4651</subfield>
    <subfield code="r">2026-05-28</subfield>
    <subfield code="t">e.2</subfield>
    <subfield code="w">2026-05-28</subfield>
    <subfield code="y">LBS1</subfield>
  </datafield>
  <datafield tag="952" ind1=" " ind2=" ">
    <subfield code="0">0</subfield>
    <subfield code="1">0</subfield>
    <subfield code="2">ddc</subfield>
    <subfield code="5">1</subfield>
    <subfield code="7">0</subfield>
    <subfield code="8">PD</subfield>
    <subfield code="a">BNPHU</subfield>
    <subfield code="b">BNPHU</subfield>
    <subfield code="c">CT</subfield>
    <subfield code="d">2026-05-28</subfield>
    <subfield code="l">0</subfield>
    <subfield code="o">M385r 2025</subfield>
    <subfield code="p">2026-4652</subfield>
    <subfield code="r">2026-05-28</subfield>
    <subfield code="t">e.3</subfield>
    <subfield code="w">2026-05-28</subfield>
    <subfield code="y">LBS1</subfield>
  </datafield>
  <datafield tag="999" ind1=" " ind2=" ">
    <subfield code="c">60836</subfield>
    <subfield code="d">60836</subfield>
  </datafield>
</record>
